Normal view
MARC view
Entry Personal Name
001 - CONTROL NUMBER
- control field: 1235867
003 - CONTROL NUMBER IDENTIFIER
- control field: OSt
005 - DATE AND TIME OF LATEST TRANSACTION
- control field: 20260428121014.0
008 - FIXED-LENGTH DATA ELEMENTS
- fixed length control field: 260428|| aca||aabn | a|a d
040 ## - CATALOGING SOURCE
- Original cataloging agency: OSt
- Transcribing agency: OSt
100 ## - HEADING--PERSONAL NAME
- Personal name: Unger Corinna
670 ## - SOURCE DATA FOUND
- Source citation: Work cat.: (OSt)622006: 315740, World of populations: transnational perspectives on demography in the twentieth century , 2014
